000 00867nam a2200253 a 4500
040 _cDLC
082 0 0 _a338 FOR 1983 A073 Or.
245 0 0 _aAgricultural postharvest technology and marketing economics research :
_ba technical memorandum.
260 _aWashington, D.C. :
_bCongress of the U.S., Office of Technology Assessment :
_bFor sale by the Supt. of Docs., U.S. G.P.O.,
_c1983.
300 _avii, 118 p. :
_b1 map, charts ;
_c26 cm.
490 1 _aTechnical memoranda
500 _a"April 1983."
500 _a"OTA-TM-F-21"--P. [4] of cover.
500 _aS/N 052-003-00907-2
500 _aItem 1070-M
650 0 _aAgriculture
650 0 _aAgricultural industries
650 0 _aFood industry and trade
650 0 _aFarm produce
650 0 _aFederal aid to research
650 0 _aResearch, Industrial
710 1 _aUnited States.
942 _cEK
999 _c15135
_d15135